000 00203nam a22001097a 4500
041 _aENG
245 _aFirki
260 _aDelhi
_bNewsletter
_c1999
300 _a9
650 _aEOES (12)
856 _uEOES
999 _c2704
_d2704